000 00454nam a2200169Ia 4500
005 20250423095531.0
008 250422s9999 xx 000 0 und d
020 _a978136131X
050 _aHJ 2184.7 .O46/
100 _aOmopariola, Olufidipe
245 0 _aGovernment budgeting in Nigeria : principles, policies and practices
260 _aIle-Ife
260 _bObafemi Awolowo University Press
260 _c2003
300 _a222 p
942 _cBK
999 _c30565
_d30565